000 01076nam a22002177a 4500
999 _c3229
_d3229
003 AR-CdUCM
008 190306b ||||| |||| 00| 0 spa d
040 _aMUNICIPALIDAD PROVINCIAL DEL CUSCO
_cBIBLIOTECA MUNICIPAL DEL CUSCO
082 _a344.522 /
_bAC21
100 _aAcosta, Alí Aparicio
_910805
245 _aViolencia sexual art. 173.3. y la conclusión anticipada :
_bcompilación y normativa jursiprudencial /
260 _aCusco :
_bTall. Gráf. de CIBERCOPY,
_c2009.
300 _a147 páginas ;
_c21 cm.
505 _aContenido: Evolución sistemática de los artículos 170, 173 y 175 del código penal -- Ley sobre conclusión anticipada de la instrucción en proceso -- Violación sexual de mayores de 14 y menores de 18 años -- La pertinencia del articulo 173.3 del código penal -- Relaciones sexuales -- Corte suprema de justicia de la República ...
650 _aDelitos sexuales
_910806
650 _aAspectos legales
_93379
650 _aPerú
_935
700 _aYábar Gutiérrez, Indira (compilador)
_910807
942 _2ddc
_cLIBROS
945 _aachl